000
00339nam a2200145Ia 4500
005
20251222175915.0
008
251222s9999||||xx |||||||||||||| ||spa||
020
_a
8434847728
082
_a
800/L65
100
_a
Lind, Mecka
245
2
_a
A Veces Tengo el Mundo a mis Pies
250
_a
1ra.ed.
264
_b
Ediciones SM
942
_c
LIB
999
_c
40463
_d
40463